000
00331nam a2200133Ia 4500
008
220613s9999||||xx |||||||||||||| ||und||
100
_a
A ADAM
245
0
_a
GRAINGER AND ALLISON DIAGNOSTIC RADIOLOGY A TEXTBOOK OF MEDICAL IMAGING
250
_a
5TH
260
_b
CHURCHILL
300
_a
1807
650
_a
Radiology
942
_c
MEDI
999
_c
8189
_d
8189